Las mejores historias y rimas de Gianni Rodari para los más pequeños / (Registro nro. 13739)

000 -CABECERA
campo de control de longitud fija 01222nam a22003257a 4500
003 - IDENTIFICADOR DEL NÚMERO DE CONTROL
campo de control OSt
005 - FECHA Y HORA DE LA ÚLTIMA TRANSACCIÓN
campo de control 20210901155137.0
008 - DATOS DE LONGITUD FIJA--INFORMACIÓN GENERAL
campo de control de longitud fija 141006b2012 sp a|||g|||| 00| 01sspad
020 ## - NÚMERO INTERNACIONAL ESTÁNDAR DEL LIBRO
Número Internacional Estándar del Libro 9788469848227
040 ## - FUENTE DE LA CATALOGACIÓN
Centro catalogador/agencia de origen CO-MqPBP
Lengua de catalogación spa
Normas de descripción rda
Centro/agencia transcriptor CO-MqPBP
084 ## - OTRO NÚMERO DE CLASIFICACIÓN
Número de clasificación C RODh
100 1# - ENTRADA PRINCIPAL--NOMBRE DE PERSONA
Nombre de persona Rodari, Gianni
Fechas asociadas al nombre 1920-1980
9 (RLIN) 5387
245 10 - MENCIÓN DE TÍTULO
Título Las mejores historias y rimas de Gianni Rodari para los más pequeños /
Mención de responsabilidad, etc. Gianni Rodari ; ilustrado por Elisa Paganelli ; traducido por Carlos Gumpert
264 ## - PRODUCCIÓN, PUBLICACIÓN, DISTRIBUCIÓN, FABRICACIÓN Y COPYRIGHT
Producción, publicación, distribución, fabricación y copyright Madrid,
Nombre del de productor, editor, distribuidor, fabricante Anaya,
Fecha de producción, publicación, distribución, fabricación o copyright 2020
300 ## - DESCRIPCIÓN FÍSICA
Extensión 311 páginas
Otras características físicas ilustraciones a color
Dimensiones 22 cm
336 ## - TIPO DE CONTENIDO
Término de tipo de contenido texto
Código de tipo de contenido txt
Fuente rdacontent
337 ## - TIPO DE MEDIO
Nombre/término del tipo de medio sin mediación
Código del tipo de medio n
Fuente rdamedia
338 ## - TIPO DE SOPORTE
Nombre/término del tipo de soporte volumen
Código del tipo de soporte nc
Fuente rdacarrier
490 ## - MENCIÓN DE SERIE
Mención de serie Libros para soñar
490 ## - MENCIÓN DE SERIE
Mención de serie Leer es mi cuento
521 ## - NOTA DE PÚBLICO DESTINATARIO
Nota de público destinatario Recomendado para niños desde los 3 años
534 ## - NOTA SOBRE LA VERSIÓN ORIGINAL
Mención de título del original A sbagliare le storie
650 14 - PUNTO DE ACCESO ADICIONAL DE MATERIA--TÉRMINO DE MATERIA
Fuente del encabezamiento o término LEMB
Término de materia o nombre geográfico como elemento de entrada Cuentos infantiles italianos
Subdivisión cronológica Siglo XX
9 (RLIN) 8164
650 14 - PUNTO DE ACCESO ADICIONAL DE MATERIA--TÉRMINO DE MATERIA
Fuente del encabezamiento o término LEMB
Término de materia o nombre geográfico como elemento de entrada Literatura infantil italiana
Subdivisión cronológica Siglo XX
9 (RLIN) 8163
650 14 - PUNTO DE ACCESO ADICIONAL DE MATERIA--TÉRMINO DE MATERIA
Fuente del encabezamiento o término LEMB
Término de materia o nombre geográfico como elemento de entrada Animales en la literatura
9 (RLIN) 378
650 14 - PUNTO DE ACCESO ADICIONAL DE MATERIA--TÉRMINO DE MATERIA
Fuente del encabezamiento o término LEMB
Término de materia o nombre geográfico como elemento de entrada Niños en la literatura
9 (RLIN) 504
700 1# - PUNTO DE ACCESO ADICIONAL--NOMBRE DE PERSONA
Nombre de persona Rubio, Antonio
Término indicativo de función/relación traductor
9 (RLIN) 89512
700 1# - PUNTO DE ACCESO ADICIONAL--NOMBRE DE PERSONA
Nombre de persona Sanna, Alessandro
Término indicativo de función/relación ilustrador
9 (RLIN) 84766
942 ## - ELEMENTOS DE PUNTO DE ACCESO ADICIONAL (KOHA)
Fuente del sistema de clasificación o colocación
Tipo de ítem Koha Libro Infantil
Existencias
Estado de retiro Estado de pérdida Fuente del sistema de clasificación o colocación Estado dañado No para préstamo Código de colección Localización permanente Ubicación/localización actual Fecha de adquisición Fuente de adquisición Número de inventario Total de préstamos Renovaciones totales Signatura topográfica completa Código de barras Fecha visto por última vez Fecha del último préstamo Número de copia Precio válido a partir de Tipo de ítem Koha Nota pública
      Dañado   Literatura Infantil Biblioteca Pública San Juan Bosco Biblioteca Pública San Juan Bosco 01/09/2021 Compra BPSJBM 2021 NT 24 4 C RODm MOS501497 24/09/2024 28/08/2024 EJ. 1 01/09/2021 Libro Literatura Quince días

© Todos los derechos reservados para la Biblioteca Pública Municipal San Juan Bosco, 2020
Secretaria de Cultura de Mosquera
Carrera 3 N° 10 Esquina Centro Cultural Barrio El Carmén Teléfono: 8270830 Ext: 34
Funcionando con KOHA
Contacto: Biblioteca Pública Municipal San Juan Bosco/ bibliotecasanjuanbosco@mosquera-cundinamarca.gov.co
Mosquera, Cundinamarca